[Event "DEN-chB"]
[Site "Helsingor"]
[Date "2013.03.29"]
[Round "5"]
[White "Wilbrandt, Simon Pil"]
[Black "Stolberg Rohr, Thomine"]
[Result "1-0"]
[WhiteElo "2046"]
[BlackElo "2044"]
[PlyCount "129"]
[EventDate "2013.03.26"]
[EventType "swiss"]
[EventRounds "7"]
[EventCountry "DEN"]
[SourceTitle "EXT 2014"]
[Source "ChessBase"]
[SourceDate "2013.11.20"]
[SourceVersion "1"]
[SourceVersionDate "2013.11.20"]
[SourceQuality "1"]

1. d4 g6 2. e4 Bg7 3. Nf3 d6 4. Bc4 Nf6 5. Qe2 0-0 6. e5 Ne8 7. 0-0 d5 8. Bd3 Na6 9. c3 c6 10. Nbd2 Nec7 11. Re1 c5 12. Nf1 cxd4 13. cxd4 Nb4 14. Bb1 Ne6 15. Be3 b6 16. Qd2 Nc6 17. h4 b5 18. Ng3 Qa5 19. Qd1 Bd7 20. h5 Rfc8 21. Nh4 Nexd4 22. Bxd4 Nxd4 23. hxg6 hxg6 24. Bxg6 Qb6 25. Bd3 Qh6 26. Nhf5 Nxf5 27. Nxf5 Bxf5 28. Bxf5 e6 29. Bd3 Rab8 30. Qg4 b4 31. Re3 Kf8 32. Rd1 Bh8 33. Rh3 Qg7 34. Qh4 Qxe5 35. Qxh8+ Qxh8 36. Rxh8+ Ke7 37. Rh1 Rh8 38. Rxh8 Rxh8 39. Rc1 Kd6 40. f3 e5 41. Kf2 f6 42. a3 bxa3 43. bxa3 Rb8 44. Rb1 Rc8 45. a4 Rc3 46. Ke2 Ra3 47. Bc2 Rc3 48. Kd2 Rc7 49. a5 Rc5 50. Ra1 Kc6 51. Bd3 Kd6 52. a6 Rc6 53. Rb1 e4 54. fxe4 dxe4 55. Be2 f5 56. Ke3 Rc2 57. Rb7 f4+ 58. Kf2 Rc7 59. Bd1 Rxb7 60. axb7 Kc7 61. Bc2 e3+ 62. Kf3 a5 63. Bd1 Kxb7 64. Kxf4 a4 65. Kxe3 1-0

[Event "DEN-chB"]
[Site "Helsingor"]
[Date "2013.03.26"]
[Round "1"]
[White "Wilbrandt, Simon Pil"]
[Black "Laursen, Niels Norskov"]
[Result "0-1"]
[WhiteElo "2046"]
[BlackElo "2261"]
[PlyCount "90"]
[EventDate "2013.03.26"]
[EventType "swiss"]
[EventRounds "7"]
[EventCountry "DEN"]
[SourceTitle "EXT 2014"]
[Source "ChessBase"]
[SourceDate "2013.11.20"]
[SourceVersion "1"]
[SourceVersionDate "2013.11.20"]
[SourceQuality "1"]

1. d4 Nf6 2. c4 g6 3. Nc3 Bg7 4. e4 d6 5. Nf3 0-0 6. Be2 e5 7. 0-0 Na6 8. Re1 c6 9. Be3 Ng4 10. Bg5 Qe8 11. h3 h6 12. Bh4 Nf6 13. dxe5 dxe5 14. Qd6 Be6 15. Rad1 Rd8 16. Qa3 Rxd1 17. Rxd1 Qb8 18. c5 g5 19. Bg3 Nh5 20. Bh2 Nf4 21. Bxa6 bxa6 22. b3 Qc8 23. Bxf4 exf4 24. Qc1 Re8 25. Rd3 f5 26. Nd2 Qc7 27. f3 g4 28. hxg4 fxg4 29. Ne2 Qe5 30. Nf1 Rf8 31. Qc2 gxf3 32. Rxf3 Bg4 33. Qc4+ Kh8 34. Rf2 f3 35. gxf3 Rxf3 36. Rxf3 Bxf3 37. Nfg3 h5 38. Kf2 Bg4 39. Qc2 h4 40. Nf5 Bf6 41. Kg1 Bxf5 42. exf5 Qe3+ 43. Kf1 h3 44. Qc1 Qf3+ 45. Ke1 Bh4+ 0-1

[Event "Nordic-ch U18 Gp-A"]
[Site "Bifrost"]
[Date "2013.02.09"]
[Round "3"]
[White "Jacobsen, Fredrik Beer"]
[Black "Wilbrandt, Simon Pil"]
[Result "1-0"]
[WhiteElo "1896"]
[BlackElo "2062"]
[PlyCount "75"]
[EventDate "2013.02.08"]
[EventType "swiss"]
[EventRounds "6"]
[EventCountry "ISL"]
[SourceTitle "EXT 2014"]
[Source "ChessBase"]
[SourceDate "2013.11.20"]
[SourceVersion "1"]
[SourceVersionDate "2013.11.20"]
[SourceQuality "1"]

1. e4 c5 2. Nc3 Nc6 3. g3 g6 4. Bg2 Bg7 5. d3 d6 6. Be3 Rb8 7. Qd2 b5 8. Nge2 e6 9. 0-0 Nge7 10. Bh6 0-0 11. Bxg7 Kxg7 12. Nd1 Qc7 13. Ne3 Bd7 14. c3 b4 15. Rac1 bxc3 16. bxc3 Na5 17. f4 f5 18. Kh1 Rb6 19. d4 Rfb8 20. d5 exd5 21. exf5 Bxf5 22. g4 Rb2 23. Qd1 Nc4 24. Nxc4 dxc4 25. gxf5 Nxf5 26. Rf3 Qe7 27. Ng1 Rxa2 28. Rc2 Rbb2 29. Rxb2 Rxb2 30. Qc1 Ra2 31. Nh3 Qb7 32. Rf2 Qa6 33. Rxa2 Qxa2 34. Qe1 Qa4 35. Bd5 a5 36. Ng5 h6 37. Ne6+ Kf6 38. Nxc5 1-0

[Event "Copenhagen Obro New Year op"]
[Site "Copenhagen"]
[Date "2012.12.27"]
[Round "2"]
[White "Wilbrandt, Simon Pil"]
[Black "Thuesen, Mogens Henrik"]
[Result "0-1"]
[WhiteElo "2043"]
[BlackElo "2253"]
[PlyCount "80"]
[EventDate "2012.12.27"]
[EventType "swiss"]
[EventRounds "7"]
[EventCountry "DEN"]
[SourceTitle "CBM 152 Extra"]
[Source "ChessBase"]
[SourceDate "2013.02.25"]
[SourceVersion "1"]
[SourceVersionDate "2013.02.25"]
[SourceQuality "1"]

1. d4 Nf6 2. c4 c5 3. d5 e5 4. Nc3 d6 5. e4 Be7 6. Nf3 0-0 7. g3 Na6 8. Bg2 Nc7 9. 0-0 a6 10. a4 b6 11. Qd3 Bd7 12. Bd2 Nfe8 13. h4 Rb8 14. Rfb1 g6 15. a5 bxa5 16. Bh6 Ng7 17. Rxa5 Bc8 18. Ra4 f5 19. b4 cxb4 20. Raxb4 Rxb4 21. Rxb4 a5 22. Rb2 Na6 23. Be3 Nh5 24. Kh2 f4 25. Bb6 Qd7 26. c5 Nb4 27. Qd1 fxg3+ 28. fxg3 Qg4 29. cxd6 Qxg3+ 30. Kg1 Bxd6 31. Nb5 Bg4 32. Rb3 Nf4 33. Qf1 Nbd3 34. Kh1 Nxg2 35. Rxd3 Bxf3 36. Rxf3 Rxf3 37. Qxg2 Qxh4+ 38. Kg1 Rg3 39. Nxd6 Rxg2+ 40. Kxg2 Qg5+ 0-1